| 000 | 00513nam a2200181 a 4500 | ||
|---|---|---|---|
| 005 | 20221014063435.0 | ||
| 008 | 991125s1977 mx 000 0 spa u | ||
| 035 | _aUPN01000020387 | ||
| 049 | _aCG | ||
| 050 | 4 |
_aBD175 _bM5.3 |
|
| 100 | 1 | _aMiguélez, Roberto | |
| 245 | 1 | 0 |
_aEpistemología y ciencias sociales y humanas / _cRoberto Miguélez. |
| 260 |
_aMéxico : _bUNAM, _c1977. |
||
| 300 | _a81 p. | ||
| 440 | 0 |
_aOpúsculos _pInvestigación |
|
| 650 | 7 |
_aSociología del conocimiento _2 _94897 |
|
| 905 | _aLibro | ||
| 999 |
_c20387 _d20387 |
||